Evaluation and Dissemination of a Screening Tool to Improve the Identification of Trafficking Victims in the United States, 2012-2013

These data are part of NACJD's Fast Track Release and are distributed as they there received from the data depositor. The files have been zipped by NACJD for release, but not checked or processed except of the removal of direct identifiers. Users should refer to the accompany readme file for a...

Ausführliche Beschreibung

Gespeichert in:  
Bibliographische Detailangaben
1. VerfasserIn: Simich, Laura (Verfasst von)
Medienart: Elektronisch Forschungsdaten
Sprache:Englisch
Veröffentlicht: [Erscheinungsort nicht ermittelbar] [Verlag nicht ermittelbar] 2016
In:Jahr: 2016
Online-Zugang: Volltext (kostenfrei)
Verfügbarkeit prüfen: HBZ Gateway
Schlagwörter:

MARC

LEADER 00000cam a22000002c 4500
001 1840043938
003 DE-627
005 20250708095948.0
007 cr uuu---uuuuu
008 230324s2016 xx |||||o 00| ||eng c
024 7 |a 10.3886/ICPSR34989.v1  |2 doi 
035 |a (DE-627)1840043938 
035 |a (DE-599)KXP1840043938 
040 |a DE-627  |b ger  |c DE-627  |e rda 
041 |a eng 
084 |a 2,1  |2 ssgn 
100 1 |a Simich, Laura  |e VerfasserIn  |4 aut 
109 |a Simich, Laura 
245 1 0 |a Evaluation and Dissemination of a Screening Tool to Improve the Identification of Trafficking Victims in the United States, 2012-2013 
264 1 |a [Erscheinungsort nicht ermittelbar]  |b [Verlag nicht ermittelbar]  |c 2016 
336 |a Text  |b txt  |2 rdacontent 
337 |a Computermedien  |b c  |2 rdamedia 
338 |a Online-Ressource  |b cr  |2 rdacarrier 
520 |a These data are part of NACJD's Fast Track Release and are distributed as they there received from the data depositor. The files have been zipped by NACJD for release, but not checked or processed except of the removal of direct identifiers. Users should refer to the accompany readme file for a brief description of the files available with this collections and consult the investigator(s) if further information is needed.Validation data (Human Trafficking Data, n = 180) was collected through 180 structured interviews with victim service provider clients who responded to the screening tool. The screening tool was administered by the victim service providers at regular intakes or subsequent interview sessions between July 2012 and June 2013. Service providers were instructed to invite any potential trafficking victims, that is persons who may have been trafficked or subject to similar crimes, whom they judge to be emotionally stable enough to participate. Status as a trafficking victim did not have to be determined in advance of the interview, since a mix of trafficked and non-trafficked clients in the study sample was necessary to establish the validity and predictive ability of the screening tool.Researchers also conducted confidential case file reviews during site visits at partner agencies, and in-depth interviews with service providers (n = 12 from 11 agencies), clients (n = 7 from 6 agencies) and key informant interviews (n = 12) with law enforcement officers, prosecutors and probation officers. 
540 |a ICPSR Terms of Use 
650 4 |a Exploitation 
650 4 |a Human Trafficking 
650 4 |a labor (work) 
650 4 |a Sex trafficking 
650 4 |a Victimization 
655 7 |a Forschungsdaten  |0 (DE-588)1098579690  |0 (DE-627)857755366  |0 (DE-576)469182156  |2 gnd-content 
787 0 8 |i Forschungsdaten zu  |a Goyen, Lucia  |t Connecting With Victims of Human Trafficking on Their Own Terms  |d Vera Institute of Justice, 2014  |h Online-Ressource  |w (DE-627)1912489929 
787 0 8 |i Forschungsdaten zu  |a Simich, Laura  |t Identifying Victims of Human Trafficking  |d [Erscheinungsort nicht ermittelbar] : Vera Institute of Justice, 2014  |w (DE-627)1912579782 
787 0 8 |i Forschungsdaten zu  |a Simich, Laura  |t Improving Human Trafficking Victim Identification - Validation and Dissemination of a Screening Tool  |d United States Department of Justice, Office of Justice Programs, National Institute of Justice; Vera Institute of Justice, 2014  |w (DE-627)1912586908 
787 0 8 |i Forschungsdaten zu  |a Simich, Laura  |t Out of the Shadows: A Tool for the Identification of Victims of Human Trafficking  |d Vera Institute of Justice, 2014  |w (DE-627)1912643162 
787 0 8 |i Forschungsdaten zu  |a Vera Institute of Justice  |t Screening for Human Trafficking: Guidelines for Administering the Trafficking Victim Identification Tool (TVIT)  |d United States Department of Justice, Office of Justice Programs, National Institute of Justice; Vera Institute of Justice, 2014  |w (DE-627)1912696789 
787 0 8 |i Forschungsdaten zu  |a Kethineni, Sesha  |t Victimization of Vulnerable Population: Health Risk Factors of Potential Trafficking  |d [Erscheinungsort nicht ermittelbar] : [Verlag nicht ermittelbar], 2018  |w (DE-627)1912742217 
856 4 0 |u https://doi.org/10.3886/ICPSR34989.v1  |x Resolving-System  |z kostenfrei  |3 Volltext  |7 0 
935 |a mkri 
951 |a BO 
ELC |a 1 
LOK |0 000 xxxxxcx a22 zn 4500 
LOK |0 001 4296791249 
LOK |0 003 DE-627 
LOK |0 004 1840043938 
LOK |0 005 20230324125144 
LOK |0 008 230324||||||||||||||||ger||||||| 
LOK |0 035   |a (DE-2619)ICPSR34989 
LOK |0 040   |a DE-2619  |c DE-627  |d DE-2619 
LOK |0 092   |o n 
LOK |0 852   |a DE-2619 
LOK |0 852 1  |9 00 
LOK |0 935   |a foda  |a nacj 
LOK |0 939   |a 24-03-23  |b l01 
OAS |a 1 
ORI |a SA-MARC-krimdoka001.raw